Marine Fisheries Management/ (Record no. 757049)

MARC details
000 -LEADER
fixed length control field 00336nam a22001337a 4500
020 ## - INTERNATIONAL STANDARD BOOK NUMBER
ISBN 978-93-6224-973-9
082 ## - DEWEY DECIMAL CLASSIFICATION NUMBER
Classification number 639.2PRI/M
245 ## - TITLE STATEMENT
Title Marine Fisheries Management/
Statement of responsibility, etc ed by Marcus Prill
260 ## - PUBLICATION, DISTRIBUTION, ETC. (IMPRINT)
Place of publication .-Newdelhi
Name of publisher :DPH
Year of publication ,2025
300 ## - PHYSICAL DESCRIPTION
Number of Pages 219p
700 ## - ADDED ENTRY--PERSONAL NAME
Personal name Prill,Marcus ed
942 ## - ADDED ENTRY ELEMENTS (KOHA)
Source of classification or shelving scheme Dewey Decimal Classification
Koha item type Book
Holdings
Withdrawn status Lost status Source of classification or shelving scheme Damaged status Not for loan Home Library Current Location Shelving location Date acquired Source of acquisition Full call number Accession Number Price effective from Koha item type
    Dewey Decimal Classification     Dept. of Aquatic Biology and Fisheries Dept. of Aquatic Biology and Fisheries General Stacks 18/02/2026 ABD/9 639.2PRI/M AQU6621 25/02/2026 Book